Audit marketingových systémov

Na minha lista:
Detalhes bibliográficos
Autor principal: Jergová, Natália
Formato: Capítulo de Livro
Idioma:eslovaco
Assuntos:
Tags: Adicionar Tag
Sem tags, seja o primeiro a adicionar uma tag!

MARC

LEADER 00000nla a2200000 4500
001 0214611
005 20240502073604.8
041 0 |a slo 
044 |a SK 
245 1 0 |a Audit marketingových systémov  |c Natália Jergová 
500 |a Abstrakt 
610 2 0 |a podnikanie obchodné 
610 2 0 |a stratégia obchodná 
610 2 0 |a manažment produktový 
610 2 0 |a stratégia marketingová 
610 2 0 |a metódy riadenia 
610 2 0 |a obchod 
610 2 0 |a audit 
100 1 |a Jergová, Natália